|
|
|
|
| LEADER |
00000nam2a2200000 4500 |
| 001 |
318346 |
| 005 |
20231102003051.0 |
| 035 |
|
|
|a (RuTPU)RU\TPU\book\343844
|
| 035 |
|
|
|a RU\TPU\book\322708
|
| 090 |
|
|
|a 318346
|
| 100 |
|
|
|a 20160426d1982 k y0rusy50 ca
|
| 101 |
0 |
|
|a rus
|
| 102 |
|
|
|a RU
|
| 105 |
|
|
|a a z 001zy
|
| 200 |
0 |
|
|a Т. 14
|f гл. ред. Н. В. Агеев
|
| 210 |
|
|
|d 1982
|
| 215 |
|
|
|a 168 с.
|c ил.
|
| 320 |
|
|
|a Библиография в конце работ
|
| 461 |
|
1 |
|0 (RuTPU)RU\TPU\book\221290
|t Сварка
|f Академия наук СССР (АН СССР), Всесоюзный институт научной и технической информации (ВИНИТИ)
|v Т. 14
|d 1966-1991
|s Сварка
|
| 606 |
1 |
|
|a Сварочное производство
|2 stltpush
|3 (RuTPU)RU\TPU\subj\54028
|9 72190
|
| 610 |
1 |
|
|a металлы
|
| 610 |
1 |
|
|a сплавы
|
| 610 |
1 |
|
|a свариваемость
|
| 610 |
1 |
|
|a тепловые процессы
|
| 610 |
1 |
|
|a металлургические процессы
|
| 610 |
1 |
|
|a температурные поля
|
| 610 |
1 |
|
|a дуговая сварка
|
| 610 |
1 |
|
|a сварочная ванна
|
| 675 |
|
|
|a 621.791
|v 3
|
| 702 |
|
1 |
|a Агеев
|b Н. В.
|4 651
|
| 801 |
|
1 |
|a RU
|b 63413507
|c 20110905
|
| 801 |
|
2 |
|a RU
|b 63413507
|c 20200303
|g RCR
|
| 942 |
|
|
|c BK
|